Připravenost marketingových manažerů k řešení současných otázek marketingu

Porovanie globálneho a lokálneho výskumu v dvoch oblastiach - v oblasti vnímania hrozieb a príležitostí súčasnosti, trendoch v marketingu a marketingovom prostredí a v obblasti informačných zdrojov, ktoré marketingový manažéri používajú k svojmu rozhodovaniu v čase ekonomickej krízy.

Salvato in:
Dettagli Bibliografici
Autore principale: Jurášková, Olga
Natura: Capitolo di libro
Lingua:ceco
Soggetti:
Tags: Aggiungi Tag
Nessun Tag, puoi essere il primo ad aggiungerne!!

MARC

LEADER 00000naa a2200000 4500
001 0191109
005 20220722104247.0
041 0 |a cze 
044 |a SK 
245 1 0 |a Připravenost marketingových manažerů k řešení současných otázek marketingu  |c Olga Jurášková 
520 |a Porovanie globálneho a lokálneho výskumu v dvoch oblastiach - v oblasti vnímania hrozieb a príležitostí súčasnosti, trendoch v marketingu a marketingovom prostredí a v obblasti informačných zdrojov, ktoré marketingový manažéri používajú k svojmu rozhodovaniu v čase ekonomickej krízy. 
610 2 0 |a manažéri 
610 2 0 |a nástroje marketingové 
610 2 0 |a zdroje informácií 
610 2 0 |a technológie informačné 
610 2 0 |a technológie komunikačné 
610 2 0 |a marketing manažment 
100 1 |a Jurášková, Olga